• 首页
  • 本馆介绍
  • 公告通知
  • 最新文献
  • 馆藏检索
  • 电子资源
  • 读者导购
  • 参考咨询
  • 我的图书馆
  • 登录
  • 详细信息显示
  • 放入我的书架
  • 预约/预借图书
  • 作者相关作品
  • 分类相关作品
  • 丛书相关作品
  • 出版社相关作品

书目信息

  • 表格格式
  • 工作单格式
  • 卡片格式
题名:
全国人民代表大会常务委员会三个有关打击刑事犯罪,维护社会治安的法律的决议、决定
    
 
作者: ;全国人大常务委员会 编
分册:  
出版信息: 北京   群众出版社  1981.08
页数: 9页
开本: 19cm
丛书名:
单 册:
中图分类: D622
科图分类:
主题词: 全国人民代表大会
电子资源:
ISBN:
000 00776nam0 2200205 45
001 0506161614
005 20050616171806.8
010    @dCNY0.05
091    @a6067.14
100    @a20050616d1981 km y0chiy0120 ea
101 0  @achi
105    @a z 000yy
200 1  @a全国人民代表大会常务委员会三个有关打击刑事犯罪,维护社会治安的法律的决议、决定@AQuan Guo Ren Min Dai Biao Da Hui Chang Wu Wei Yuan Hui San Ge You Guan Da Ji Xing Shi Fan Zui,Wei Hu She Hui Zhi An De Fa Lu De Jue Yi、Jue Ding@f全国人大常务委员会编@FQuan Guo Ren Da Chang Wu Wei Yuan Hui Bian
210    @a北京@c群众出版社@d1981.08
215    @a9页@d19cm
606 0  @a全国人民代表大会
690    @aD622@v3
711 02 @a全国人大常务委员会@4编
801    @aCN@bPftUser@c20050616
905    @f1@b74501@dD622@e1:5(2)
    
    全国人民代表大会常务委员会三个有关打击刑事犯罪,维护社会治安的法律的决议、决定/全国人大常务委员会编.-北京:群众出版社,1981.08
    9页;19cm
    
    
    ISBN :CNY0.05
    
●
相关链接 在E读中查询图书 在五车中查询图书 在当当中查询图书 在豆瓣中查询图书


正题名:全国人民代表大会常务委员会三个有关打击刑事犯罪,维护社会治安的法律的决议、决定     索取号:D622/1:5(2)         预约/预借

序号 登录号 条形码 馆藏地/架位号 状态 备注
1 0074500   001111264   密集书库/ [索取号:D622/1:5(2)] 在馆    
2 0074501   001111255   第一样本阅览室/ [索取号:D622/1:5(2)] 在馆    
唐山师范学院图书馆 欢迎您!
大连网信软件有限公司© 版权所有